Hauptstädte der WM-Teilnehmer 2026 - Statistiken

Allgemein
  • Dieses Quiz wurde 68 mal gespielt
  • Das Durchschnittsergebnis liegt bei 37 aus 48
Antwortstatistiken
Land Hauptstadt % Korrekt
Deutschland Berlin
98%
Argentinien Buenos Aires
98%
Belgien Brüssel
97%
Ägypten Kairo
97%
England London
97%
Frankreich Paris
97%
Brasilien Brasilia
95%
Niederlande Amsterdam
92%
Schweiz Bern
92%
Australien Canberra
92%
Portugal Lissabon
92%
Mexiko Mexiko-Stadt
92%
Norwegen Oslo
92%
Schweden Stockholm
92%
Japan Tokio
92%
Österreich Wien
92%
Spanien Madrid
90%
Tschechien Prag
90%
USA Washington D.C.
90%
Kroatien Zagreb
90%
Südkorea Seoul
88%
Algerien Algier
87%
Türkei Ankara
87%
Iran Teheran
87%
Kanada Ottawa
85%
Tunesien Tunis
85%
Bosnien-Herzegowina Sarajevo
83%
Uruguay Montevideo
82%
Panama Panama-Stadt
82%
Kolumbien Bogota
78%
Schottland Edinburgh
77%
Südafrika Kapstadt, Pretoria, Bloemfontein
77%
Saudi-Arabien Riad
77%
Irak Bagdad
75%
Neuseeland Wellington
75%
Katar Doha
73%
Marokko Rabat
70%
Ecuador Quito
65%
Senegal Dakar
62%
Paraguay Asuncion
60%
Ghana Accra
52%
Jordanien Amman
52%
DR Kongo Kinshasa
50%
Haiti Port-au-Prince
45%
Usbekistan Taschkent
45%
Elfenbeinküste Yamoussoukro
30%
Kap Verde Praia
28%
Curacao Willemstad
20%
Keine übereinstimmenden Quizze gefunden
Verteilung der Resultate
Anzahl Personen mit jedem Resultat
Perzentil nach korrekt beantworteten Fragen
Ihre Resultats-Entwicklung
Sie haben dieses Quiz noch nicht gespielt